Countryside law (Record no. 103830)
[ view plain ]
| 000 -LEADER | |
|---|---|
| fixed length control field | 01245cam a2200337 4500 |
| 001 - CONTROL NUMBER | |
| control field | ##L127857 |
| 008 - FIXED-LENGTH DATA ELEMENTS--GENERAL INFORMATION | |
| fixed length control field | 041028n2004 000 0 eng u |
| 020 ## - INTERNATIONAL STANDARD BOOK NUMBER | |
| International Standard Book Number | 0721910637 |
| 035 ## - SYSTEM CONTROL NUMBER | |
| System control number | (Sirsi) u127857 |
| 041 0# - LANGUAGE CODE | |
| Language code of text/sound track or separate title | eng |
| 050 04 - LIBRARY OF CONGRESS CALL NUMBER | |
| Classification number | 711.558026 $2 18 |
| 100 1# - MAIN ENTRY--PERSONAL NAME | |
| Personal name | Jones, Brian |
| 245 00 - TITLE STATEMENT | |
| Title | Countryside law |
| 250 ## - EDITION STATEMENT | |
| Edition statement | 4th ed. |
| 260 ## - PUBLICATION, DISTRIBUTION, ETC. | |
| Place of publication, distribution, etc. | Crayford |
| Name of publisher, distributor, etc. | Shaw and Sons Limited |
| Date of publication, distribution, etc. | 2004 |
| 300 ## - PHYSICAL DESCRIPTION | |
| Extent | xi, 340 p. |
| Dimensions | 22cm. |
| 350 ## - PRICE (NR) (BK AM CF MU VM SE) [OBSOLETE] | |
| Price | 23.95 |
| 505 1# - FORMATTED CONTENTS NOTE | |
| Formatted contents note | Protection and enjoyment of the countryside |
| 505 1# - FORMATTED CONTENTS NOTE | |
| Formatted contents note | Planning Access to the countryside |
| 505 1# - FORMATTED CONTENTS NOTE | |
| Formatted contents note | Protection of special areas |
| 505 1# - FORMATTED CONTENTS NOTE | |
| Formatted contents note | Commons |
| 505 1# - FORMATTED CONTENTS NOTE | |
| Formatted contents note | Protection of birds, animals and plants |
| 505 1# - FORMATTED CONTENTS NOTE | |
| Formatted contents note | Pollution |
| 505 1# - FORMATTED CONTENTS NOTE | |
| Formatted contents note | Appendices |
| 520 ## - SUMMARY, ETC. | |
| Summary, etc. | Provides a lucid assessment of how the laws of England and Wales seek to tackle the twin objectives of protecting the countryside and its wildlife from irreparable harm whilst acknowledging and accommodating the public's demand to use the countryside for recreation, leisure and other purposes. This edition supersedes the 3rd ed. (ISBN 0721910629). |
| 690 ## - LOCAL SUBJECT ADDED ENTRY--TOPICAL TERM (OCLC, RLIN) | |
| Topical term or geographic name as entry element | PROPERTY-RURAL AND NATURAL ASSETS |
| 700 1# - ADDED ENTRY--PERSONAL NAME | |
| Personal name | Palmer, Julian |
| 700 1# - ADDED ENTRY--PERSONAL NAME | |
| Personal name | Sydenham, Angela |
| 942 ## - ADDED ENTRY ELEMENTS (KOHA) | |
| Suppress in OPAC | 0 |
| Withdrawn status | Lost status | Source of classification or shelving scheme | Damaged status | Not for loan | Home library | Current library | Shelving location | Date acquired | Cost, normal purchase price | Total Checkouts | Full call number | Barcode | Date last seen | Copy number | Cost, replacement price | Price effective from | Koha item type |
|---|---|---|---|---|---|---|---|---|---|---|---|---|---|---|---|---|---|
| Dewey Decimal Classification | London | London | Books | 12/01/2006 | 23.95 | 711.558026 JON | 30071493 | 06/08/2019 | 1 | 23.95 | 06/08/2019 | Book |